Životne dôležité

Bibliographic Details
Main Authors: Husárová, Vlasta (Author), Guričanová, Dana (Author)
Format: Article
Language:Slovak
PhysicalDescription:Fotogr.
Subjects:

MARC

LEADER 00000nab a2200000 a 4500
001 vtls000650326
003 SK-MaSNL
005 20260302191100.0
008 180205c1998 xo 0 slo
015 |a SNBRA1998/02-02711 
035 |a CLN000002520 
040 |a SNKBUCL  |b slo  |c SNKBUCL  |e AACR2 
041 0 |a slo 
044 |a xo  |c SK 
080 |a 612.392.01  |2 UDC-MRF-SK2 
080 |a 577.16  |2 UDC-MRF-SK2 
100 1 |a Husárová, Vlasta  |4 aut  |9 267169 
245 1 0 |a Životne dôležité  |c Vlasta Husárová, Dana Guričanová 
300 |b Fotogr. 
650 0 7 |a vitamíny  |2 snkbucl  |9 2616 
655 7 |a články z novín a časopisov  |2 snkbucl  |2 snkbucl  |9 267496 
700 1 |a Guričanová, Dana  |4 aut  |9 597887 
773 0 |t Zdravie  |g Roč. 54, č. 2 (1998), s. 20-22 
850 |a Slovenská národná knižnica v Martine 
852 |a SNK  |b KIS3GCP 
958 |a RBX  |x rozpis článkov z periodík 
999 |c 1435921  |d 1437851